000 00512nam a2200145Ia 4500
008 191206s9999 xx 000 0 und d
020 _a800660048
090 _aBS1565.3W64213
245 0 _aHosea: a commentary on the book of the Prophet Hosea
260 _aFortress Press
260 _bHermeneia--a critical and historical commentary on the Bible
260 _cc[1974]
300 _a"xxxii, 259 p. : facsim. ; 25 cm."
999 _c16175
_d16175